| 000 | 01030cam a22002777a 4500 | ||
|---|---|---|---|
| 001 | 31571 | ||
| 005 | 20230404125743.0 | ||
| 008 | 860402s1962 mx 000 0 spa | ||
| 035 | _9(DLC) 85845718 | ||
| 035 | _a512426 | ||
| 010 | _a 85845718 | ||
| 040 |
_aDLC _cDLC _dDLC |
||
| 050 | 1 | 4 |
_a000 E 141 _bA185h 1962 |
| 100 | 1 |
_aAcosta, José de, _d1540-1600. |
|
| 245 | 1 | 0 |
_aHistoria natural y moral de las Indias : _ben que se tratan las cosas notables del cielo, y elementos, metales, plantas y animales dellas, y los ritos, y ceremonias, leyes y gobierno y guerras de los indios / _ccompuesto por Joseph de Acosta. |
| 260 |
_aMéxico : _bFondo de Cultura Económica, _c1962. |
||
| 300 |
_axcv, 444 p. ; _c23 cm. |
||
| 651 | 0 |
_aAmerica _vEarly accounts to 1600. |
|
| 651 | 0 |
_aNatural history _zLatin America. |
|
| 650 | 0 |
_aIndians of South America _zPeru. |
|
| 650 | 0 | _aIndians of Mexico. | |
| 650 | 4 | _aIndios de México | |
| 650 | 4 |
_aHistoria natural _zHispanoamérica |
|
| 650 | 4 | _aIndios de Perú | |
| 942 |
_2lcc _cbk |
||
| 999 |
_c3977 _d3977 |
||